Zodpovednosť za škodu spôsobenú pri výkone verejnej moci
Porušovanie zákonnosti pri výkone verejnej moci. Nezákonné rozhodnutie, nesprávny úradný postup. Zodpovednosť štátu za škodu spôsobenú pri výkone verejnej moci. Nesprávny úradný postup. Rýchlosť a účinnosť súdneho konania. Zodpovednosť územnej samosprávy za škodu. Predbežné prerokovanie nároku. Spôs...
Salvato in:
| Autore principale: | |
|---|---|
| Natura: | Capitolo di libro |
| Lingua: | slovacco |
| Soggetti: | |
| Tags: |
Nessun Tag, puoi essere il primo ad aggiungerne!!
|
MARC
| LEADER | 00000naa$a2200000$$$4500 | ||
|---|---|---|---|
| 001 | 0097116 | ||
| 005 | 20231120113303.4 | ||
| 041 | 0 | |a slo | |
| 044 | |a SK | ||
| 245 | 1 | 0 | |a Zodpovednosť za škodu spôsobenú pri výkone verejnej moci |c Miroslav Tichý |
| 520 | |a Porušovanie zákonnosti pri výkone verejnej moci. Nezákonné rozhodnutie, nesprávny úradný postup. Zodpovednosť štátu za škodu spôsobenú pri výkone verejnej moci. Nesprávny úradný postup. Rýchlosť a účinnosť súdneho konania. Zodpovednosť územnej samosprávy za škodu. Predbežné prerokovanie nároku. Spôsob a rozsah náhrady škody. Náhrada škody, náhrada trov konania. Regresná náhrada. | ||
| 610 | 2 | 0 | |a škody |
| 610 | 2 | 0 | |a zodpovednosť za škody |
| 610 | 2 | 0 | |a náhrada škody |
| 610 | 2 | 0 | |a moc verejná |
| 610 | 2 | 0 | |a samospráva |
| 100 | 1 | |a Tichý, Miroslav | |